000 02812cam a22004098i 4500
001 21825174
003 NUST
005 20220825160351.0
006 m |o d |
007 cr |||||||||||
008 201130s2021 nyu o 000 1 eng
010 _a 2020045267
020 _a9780593101551
_q(ebook)
020 _z9780593101537
_q(hardcover)
038 _aAzhar
040 _aDLC
_beng
_cDLC
_erda
042 _apcc
050 0 0 _aPS3620.E75
082 0 0 _a813.6
_bBEN
100 1 _aBenedict, Marie,
_eauthor.
_997271
245 1 4 _aThe personal librarian
_cMarie Benedict and Victoria Christopher Murray.
260 _aNew York :
_bBerkley,
_c2021
263 _a2106
300 _a341p
336 _atext
_btxt
_2rdacontent
337 _acomputer
_bc
_2rdamedia
338 _aonline resource
_bcr
_2rdacarrier
520 _a"The remarkable, little-known story of Belle da Costa Greene, J. P. Morgan's personal librarian-who became one of the most powerful women in New York despite the dangerous secret she kept in order to make her dreams come true, from New York Times bestselling author Marie Benedict and acclaimed author Victoria Christopher Murray. In her twenties, Belle da Costa Greene is hired by J. Pierpont Morgan to curate a collection of rare manuscripts, books, and artwork for his newly built Morgan Library. Belle becomes a fixture on the New York society scene and one of the most powerful people in the art and book world, known for her impeccable taste and shrewd negotiating for critical works as she helps build a world-class collection. But Belle has a secret, one she must protect at all costs. She was born not Belle da Costa Greene but Belle Marion Greener. She is the daughter of Richard Greener, the first Black graduate of Harvard and well-known advocate for equality. Belle's complexion isn't dark because of her alleged Portuguese heritage that lets her pass as white-her complexion is dark because she is African American. The Personal Librarian tells the story of an extraordinary woman, famous for her intellect, style, and wit, and shares the lengths she must go-for the protection of her family and her legacy-to preserve her carefully crafted white identity in the racist world in which she lives"--
_cProvided by publisher.
588 _aDescription based on print version record and CIP data provided by publisher; resource not viewed.
600 1 0 _aGreene, Belle da Costa
_vFiction.
_997272
655 7 _aBiographical fiction.
_2gsafd
_9416
700 1 _aMurray, Victoria Christopher,
_eauthor.
_997273
776 0 8 _iPrint version:
_aBenedict, Marie.
_tThe personal librarian
_dNew York : Berkley, [2021]
_z9780593101537
_w(DLC) 2020045266
906 _a7
_bcbc
_corignew
_d1
_eecip
_f20
_gy-gencatlg
942 _2ddc
_cLC
999 _c591011
_d591011